[Event "Seville op 47th"]
[Site "Seville"]
[Date "2022.07.16"]
[Round "1"]
[White "Sanchez, Sebastian Felipe"]
[Black "Pinero Fernandez, Jose Miguel"]
[Result "1-0"]
[WhiteElo "2440"]
[BlackElo "1762"]
[PlyCount "23"]
[EventDate "2022.07.16"]
[EventType "swiss"]
[EventRounds "9"]
[EventCountry "ESP"]
[SourceTitle "CBM 209 Extra"]
[Source "ChessBase"]
[SourceDate "2022.09.30"]
[SourceVersion "1"]
[SourceVersionDate "2022.09.30"]
[SourceQuality "1"]

1. d4 Nf6 2. Bg5 d5 3. e3 Bf5 4. Bxf6 exf6 5. Nd2 Bd6 6. c4 c6 7. cxd5 cxd5 8. Qb3 Be6 9. Ne2 Nd7 10. Nc3 Qb6 11. Bb5 a6 12. Bxd7+ 1-0